Experimental metaphysics / (Record no. 121766)
[ view plain ]
| 000 -LEADER | |
|---|---|
| fixed length control field | 01500cam a2200337 a 4500 |
| 001 - CONTROL NUMBER | |
| control field | 2123121 |
| 003 - CONTROL NUMBER IDENTIFIER | |
| control field | ARRUPE |
| 005 - DATE AND TIME OF LATEST TRANSACTION | |
| control field | 20150122164619.0 |
| 008 - FIXED-LENGTH DATA ELEMENTS--GENERAL INFORMATION | |
| fixed length control field | 970130s1997 ne a b 111 0 eng |
| 010 ## - LIBRARY OF CONGRESS CONTROL NUMBER | |
| LC control number | 97002399 |
| 020 ## - INTERNATIONAL STANDARD BOOK NUMBER | |
| International Standard Book Number | 0792344529 (acidfree paper) |
| 040 ## - CATALOGING SOURCE | |
| Original cataloging agency | DLC |
| Transcribing agency | DLC |
| Modifying agency | DLC |
| 050 00 - LIBRARY OF CONGRESS CALL NUMBER | |
| Classification number | Q174 |
| Item number | .B67 vol.193 |
| 082 00 - DEWEY DECIMAL CLASSIFICATION NUMBER | |
| Classification number | 001/.01 s |
| -- | 530.12 |
| Edition number | 21 |
| 300 ## - PHYSICAL DESCRIPTION | |
| Other physical details | ill. ; |
| Dimensions | 25 cm. |
| 245 00 - TITLE STATEMENT | |
| Title | Experimental metaphysics / |
| Statement of responsibility, etc | edited by Robert S. Cohen, Michael Horne, and John Stachel. |
| 260 ## - PUBLICATION, DISTRIBUTION, ETC. (IMPRINT) | |
| Place of publication, distribution, etc | Dordrecht ; |
| Name of publisher, distributor, etc | Kluwer Academic Publishers, |
| Date of publication, distribution, etc | c1997. |
| 300 ## - PHYSICAL DESCRIPTION | |
| Extent | x, 257 .p : |
| 440 #0 - SERIES STATEMENT/ADDED ENTRY--TITLE | |
| Title | Boston studies in the philosophy of science ; |
| Volume number/sequential designation | v. 193 |
| 9 (RLIN) | 14221 |
| 440 #0 - SERIES STATEMENT/ADDED ENTRY--TITLE | |
| Title | Quantum mechanical studies for Abner Shimony ; |
| Volume number/sequential designation | v. 1 |
| 9 (RLIN) | 14222 |
| 500 ## - GENERAL NOTE | |
| General note | Papers presented at a symposium held on 19 Sept. 1994, at the Center for the Philosophy and History of Science, together with the Physics and Philosophy Depts. of Boston University. |
| 504 ## - BIBLIOGRAPHY, ETC. NOTE | |
| Bibliography, etc | Includes bibliographical references and index. |
| 650 #0 - SUBJECT ADDED ENTRY--TOPICAL TERM | |
| Topical term or geographic name as entry element | Science |
| General subdivision | Philosophy |
| -- | Congresses. |
| 9 (RLIN) | 14223 |
| 650 #0 - SUBJECT ADDED ENTRY--TOPICAL TERM | |
| Topical term or geographic name as entry element | Metaphysics |
| General subdivision | Congresses. |
| 9 (RLIN) | 14224 |
| 700 1# - ADDED ENTRY--PERSONAL NAME | |
| Personal name | Shimony, Abner. |
| 9 (RLIN) | 14225 |
| 700 1# - ADDED ENTRY--PERSONAL NAME | |
| Personal name | Cohen, R. S. |
| Fuller form of name | (Robert Sonné) |
| 9 (RLIN) | 14125 |
| 700 1# - ADDED ENTRY--PERSONAL NAME | |
| Personal name | Horne, Michael. |
| 9 (RLIN) | 14226 |
| 700 1# - ADDED ENTRY--PERSONAL NAME | |
| Personal name | Stachel, John J., |
| Dates associated with a name | 1928- |
| 9 (RLIN) | 14227 |
| 906 ## - LOCAL DATA ELEMENT F, LDF (RLIN) | |
| a | 7 |
| b | cbc |
| c | orignew |
| d | 1 |
| e | ocip |
| f | 19 |
| g | y-gencatlg |
| 942 ## - ADDED ENTRY ELEMENTS (KOHA) | |
| Source of classification or shelving scheme | Library of Congress Classification |
| Koha item type | Monograph ( Printed materials) |
| Withdrawn status | Lost status | Source of classification or shelving scheme | Damaged status | Not for loan | Collection code | Home library | Current library | Shelving location | Date acquired | Total Checkouts | Full call number | Barcode | Date last seen | Price effective from | Koha item type |
|---|---|---|---|---|---|---|---|---|---|---|---|---|---|---|---|
| Library of Congress Classification | Main Collection | ARRUPE LIBRARY | ARRUPE LIBRARY | Main Collection | 19/01/2015 | Q174 .B67 vol. 193 | 46500003160 | 03/07/2019 | 19/01/2015 | Monograph ( Printed materials) |